000 nam a22 7a 4500
999 _c10283
_d10283
008 180213b ||||| |||| 00| 0 eng d
100 _aChaudhry, L
_96258
245 _aEnglish Grammer -IV
260 _aNew Delhi
_bAPC Publication
_c2013